000 00808nam a2200241Ia 4500
003 GCL
008 140319s9999 xx 000 0 ara d
020 _a2940401977
040 _aGCL /
_cGCL
082 0 4 _aق
_b928.1
_bم م
100 1 _aمحمد الجوادى
245 1 0 _aالثورة و الاحباط :
_bمذكرات اساتذة الادب والادباء /
_cمحمد الجوادى
260 _aالقاهرة :
_bالهيئة المصرية العامة للكتاب ،
_c2005
300 _a463 ص ؛
_c24 سم
650 0 4 _aالادباء العرب
650 0 4 _aاحمد هيكل
650 0 4 _aعلى الحديدى
650 0 4 _aجليلة رضا
650 0 4 _aفتحى ابوالفضل
650 0 4 _aعايدة الشريف
650 0 4 _aامانى شريف
942 _2ddc
_cBK
999 _c8719
_d8719